00631nam a2200205Ia 450000500170000000800410001702000150005808200210007310000190009424500870011326000380020030000150023865000100025365000150026365000170027865000120029594200060030795200970031399900150041020250203014608.0240331s9999 xx 000 0 und d a0415911052 bJAY25167a305.4 aJayawardena, K 4aThe White Woman's Other Burden :bWestern Women and South Asia During British Rule aLondonaNew YorkbRoutledgec1995 ax, 310 p., aWomen aSouth Asia aColonization aWestern cL 001040708LaWERCLbWERCLcSSCd2024-03-31l0o 305.4 JAYp5167r2024-03-31w2024-03-31yL c1667d1667